00626nam a2200217Ia 4500003000900000008004100009040001300050040001300063041000800076100001200084245002600096250001100122260002100133260000900154300000800163490000800171490000600179942000700185999001700192952019900209IT-RoPAU120407s9999 xx 000 0 und d aIT-RoPAU cIT-RoPAU aita aP. Marc aSempre più in alto. aMilano aEdizioni Paoline c1955 c cm aVda v1 cBK c17467d17467 00102ddc406248_92500000000000071aPAULUSbPAULUSd2012-04-11l0o248.925r2012-04-11 00:00:00w2012-04-11yBKzInserito da: Jole In data: 12 settembre 2011 fondo: Via A.Severo 56 Progr:32650